000 00695nmm a2200205Ia 4500
008 251105s9999||||xx |||||||||||||||||und||
020 _a9788416515387
041 _aspa
100 _aGermán Zubero, Luis
245 0 _aEstudios sobre el desarrollo económico español. Dedicados al profesor Eloy Fernández Clemente
264 _a[Madrid, España] :
_bPrensas Universitarias de Zaragoza,
_c2016
300 _a408 páginas
490 _aCiencias sociales
650 _aEconomics and Business
700 _aGermán Zubero, Luis
700 1 _a Gallego Martínez, Domingo
700 1 _a Pinilla Navarro, Vicente
856 _uhttps://public.digitaliapublishing.com/a/59239
942 _cCF
999 _c66074
_d66074